Animal Tautonyms - Statistics

General Stats
  • This quiz has been taken 54 times
  • The average score is 5 of 16
Answer Stats
Hint Answer % Correct
Rattus rattus Black rat
92%
Vulpes vulpes Red fox
77%
Cygnus cygnus Whooper swan
77%
Lemmus lemmus Norwegian lemming
64%
Bufo bufo Common toad
33%
Lutra lutra European otter
28%
Alces alces Eurasian elk, moose
26%
Capreolus capreolus European roe deer
26%
Meles meles European badger
18%
Pica pica Eurasian magpie
15%
Mephitis mephitis Striped skunk
15%
Tinca tinca Tench
15%
Buteo buteo Common buzzard
13%
Troglodytes troglodytes Eurasian wren
13%
Boops boops Bogue, sea bream
8%
Crocuta crocuta Spotted hyena
8%
No matching quizzes found
Score Distribution
Percent of People with Each Score
Percentile by Number Answered
Your Score History
You have not taken this quiz